00458cam a2200169ua 450000100060000000800390000602000180004504000090006308200120007210000340008424500580011825000120017626000440018830000100023265300130024265300330025511533190930n ii |||gr||||Z||||||asm a9789387263895 cMAIN a398.054 aJyoti Prasad Konwar,eEditor. aJanogosthiya LokbishwascEdted by Jyoti Prasad Konwar a1st ed. aGuwahati:bPurbayon Publication,c2018. a211p. aFolklore aEthnic culture of North-east